JAKIE SŁOWA WYSTĘPUJĄ JEDYNIE W LICZBIE MNOGIEJ? - Statystyki

Ogólne statystyki
  • Ten quiz został rozwiązany 67 razy
  • Średni wynik to 2 z 5
Statystyki odpowiedzi
Odpowiedź % Poprawnych
SPODNIE
75%
DRZWI
67%
PLECY
29%
MAJTKI
25%
USTA
6%
Nie znaleziono quizów pasujących do podanych kryteriów
Rozkład punktacji
Procent ludzi z każdym wynikiem
Percentyl według liczby udzielonych odpowiedzi
Twoja historia wyników
Nie rozwiązałeś tego quizu